Jimmy Kimmel Filmography - Statistics

General Stats
  • This quiz has been taken 27 times
    6 since last reset
  • The average score is 5 of 123
Answer Stats
Type Year Name % Correct
Award Show 2017 89th Academy Awards
33%
Film 1995 Delinquent's Derby
33%
Film 2000 Down to You
33%
TV Show 2003-Present Jimmy Kimmel Live!
33%
Film 2000 Road Trip
33%
TV Show 2020-Present Who Wants to Be a Millionaire
33%
TV Film 2003 Windy City Heat
33%
Award Show 2012 64th Primetime Emmy Awards
17%
Award Show 2016 68th Primetime Emmy Awards
17%
Film 2006 Danny Roane: First Time Director
17%
Film 2004 Garfield: The Movie
17%
Film 2008 Hellboy II: The Golden Army
17%
Film 2002 Like Mike
17%
TV Show 2016 Pitch
17%
Film 2015 Pitch Perfect 2
17%
Film 2012 Project X
17%
Film 2016 Ted 2
17%
Film 2005 The Aristocrats
17%
Film 2013 The Smurfs 2
17%
TV Show 1997-2002 Win Ben Stein's Money
17%
Award Show 2007 2007 ESPY Awards
0%
TV Special 2018 2018: In Memoriam
0%
Award Show 2020 72nd Primetime Emmy Awards
0%
Award Show 2018 90th Academy Awards
0%
Award Show 2023 95th Academy Awards
0%
Award Show 2024 96th Academy Awards
0%
TV Show 2008 American Idol
0%
Award Show 2003 American Music Awards of 2003
0%
Award Show 2004 American Music Awards of 2004
0%
Award Show 2006 American Music Awards of 2006
0%
Award Show 2007 American Music Awards of 2007
0%
Award Show 2008 American Music Awards of 2008
0%
TV Show 2020 A Million Little Things
0%
Web Special TBA An Afternoon with SCTV
0%
Web Series 2025 Bad Thoughts
0%
TV Special 2008 Big Night of Stars
0%
Film 2017 Brad's Status
0%
TV Show 2013 Brody Stevens: Enjoy It!
0%
Video Game 2012 Call of Duty: Black Ops II
0%
TV Show 2022 Celebrity Game Face
0%
TV Show 1999 Charmed
0%
TV Show 2024 Chrissy & Dave Dine Out
0%
Award Show 2007 Comedy Central Roast of Flavor Flav
0%
TV Special 2005 Comedy Central Roast of Pamela Anderson
0%
TV Show 2017 Cousin Sal's Sure Thing
0%
TV Show 2002-2007, 2019-2022 Crank Yankers
0%
TV Show 2017, 2024 Curb Your Enthusiasm
0%
TV Show 2006-2008 Dancing with the Stars
0%
TV Short 2001 Donner
0%
TV Show 2006 Drawn Together
0%
TV Film 2005 Eminem's Making the Ass
0%
TV Show 2004 Entourage
0%
Film 2023 Ezra
0%
TV Show 2001 Family Guy
0%
Commercial 2015 Foot Locker
0%
Documentary 2024 From Power to Prison: The Trump Story, Part I
0%
TV Show 2010 Glenn Martin, DDS
0%
Web Series 2025 Hacks
0%
Music Video 2014 Happy
0%
TV Show 1996 Horror Kung-Fu Theatre
0%
TV Show 2011 Hot in Cleveland
0%
Radio Special 2014 Howard Stern Birthday Bash
0%
TV Show 2003 I'm with Her
0%
TV Show 2007 In Case of Emergency
0%
TV Show 2016 Jeff Ross Presents Roast Battle
0%
TV Show 2024 Jeopardy! Masters
0%
TV Mini-Series 2020 Jeopardy! The Greatest of All Time
0%
TV Special 2006 Jimmy Kimmel Live's All-Star Salute to Jimmy Kimmel Live!
0%
Web Mini-Series 2024 John Mulaney Presents: Everybody's in LA
0%
TV Show 2020 Kal Penn Approves This Message
0%
Documentary TBA Kings of Vegas
0%
TV Special 2013 Kobe Up Close
0%
TV Show 2003 KTLA Morning News
0%
TV Show 2019 Last Week Tonight with John Oliver
0%
TV Special 2019, 2021 Live in Front of a Studio Audience
0%
TV Show 2002 MADtv
0%
TV Film 2018 Man of the House
0%
TV Show 2021 Match Game
0%
Commercial 1999 Miller Lite
0%
Short Film 2015 Miss Famous
0%
TV Show 2022 NFL Monday Night Football
0%
TV Special 2004 Non-Denominational All-Star Celebrity Holiday Special
0%
TV Show 2024 Password
0%
Film 2021 PAW Patrol: The Movie
0%
TV Show 2020 Revenge of the Nerds
0%
TV Show 2006 Robot Chicken
0%
Film 2017 Sandy Wexler
0%
TV Show 2012, 2015, 2016 Scandal
0%
TV Show 2011 Sesame Street
0%
TV Show 2007 Set for Life
0%
TV Show 2014, 2015 Shark Tank
0%
Film 2025 Smurfs
0%
Commercial 2015-2017 St. Jude Children's Research Hospital
0%
Documentary 2024 Stormy
0%
Podcast 2023 Strike Force Five
0%
Film 2018 Teen Titans Go! To the Movies
0%
TV Show 2006 The Andy Milonakis Show
0%
TV Show 2015 The Bachelor
0%
Film 2017 The Boss Baby
0%
Film 2021 The Boss Baby: Family Business
0%
TV Show 2015 The Comedians
0%
TV Show 2015 The Eric Andre Show
0%
TV Show 2016 The Grinder
0%
Film 2015 The Heyday of the Insensitive Bastards
0%
Web Series 2025 The Kardashians
0%
TV Show 1999-2014 The Man Show
0%
Documentary Series 2005 The Michael Jackson Trial
0%
TV Show 2014 The Middle
0%
TV Show 2005 The Most Extraordinary Space Investigations
0%
TV Show 2016 The Real O'Neals
0%
TV Show 2007 The Sarah Silverman Program.
0%
TV Show 2018 The Scar Chronicles
0%
TV Show 2011 The Soup
0%
Documentary Series 2021 The Story of Late Night
0%
Documentary Series 2022 They Call Me Magic
0%
TV Special 2017 This Year in Memoriam
0%
TV Show 2014 Tim & Eric's Bedtime Stories
0%
Music Video 2012 To Be the Best
0%
TV Show 2021 To Tell the Truth
0%
TV Show 2016 Trailer Park Boys
0%
TV Special 2012 White House Correspondents' Dinner
0%
TV Show 2008, 2011 WWE Raw
0%
TV Show 2008 WWE Smackdown!
0%
No matching quizzes found
Score Distribution
Percent of People with Each Score
Percentile by Number Answered
Your Score History
You have not taken this quiz since the last reset